Chicagoland Suburbs High School Football Confrences - Statistics

General Stats
  • This quiz has been taken 4 times
  • The average score is 89 of 196
Answer Stats
Hint Answer % Correct
Central Suburban League (CSL) Evanston
100%
Central Suburban League (CSL) Glenbrook South
100%
Central Suburban League (CSL) New Trier
100%
Central Suburban League (CSL) Niles North
100%
Central Suburban League (CSL) Niles West
100%
Southwest Suburban Conference (SWSC) Andrew
67%
Northern Lake County Conference (NLCC) Antioch
67%
Upstate Eight Conference (U8C) Bartlett
67%
DuKane Conference Batavia
67%
Southland Athletic Conference (SAC) Bloom
67%
Southwest Prairie Conference (SPC) Bolingbrook
67%
South Suburban Conference (SSC) Bremen
67%
Chicago Catholic League (CCL) Brother Rice
67%
Mid-Suburban League (MSL) Buffalo Grove
67%
Southland Athletic Conference (SAC) Crete-Monee
67%
Fox Valley Conference (FVC) Crystal Lake Central
67%
Fox Valley Conference (FVC) Crystal Lake South
67%
Central Suburban League (CSL) Deerfield
67%
DuPage Valley Conference (DVC) DeKalb
67%
South Suburban Conference (SSC) Eisenhower
67%
Mid-Suburban League (MSL) Elk Grove
67%
Mid-Suburban League (MSL) Fremd
67%
DuKane Conference Geneva
67%
Central Suburban League (CSL) Glenbrook North
67%
Kishwaukee River Conference (KRC) Harvard
67%
Central Suburban League (CSL) Highland Park
67%
West Suburban Conference (WSC) Hinsdale Central
67%
West Suburban Conference (WSC) Hinsdale South
67%
Mid-Suburban League (MSL) Hoffman Estates
67%
Southwest Suburban Conference (SWSC) Homewood-Flossmoor
67%
Southwest Prairie Conference (SPC) Joliet Central
67%
Southwest Prairie Conference (SPC) Joliet West
67%
Southland Athletic Conference (SAC) Kankakee
67%
Chicago Public League (Metro) King
67%
Chicago Public League (Metro) Lane Tech
67%
South Suburban Conference (SSC) Lemont
67%
Southwest Suburban Conference (SWSC) Lincoln-Way Central
67%
Southwest Suburban Conference (SWSC) Lincoln-Way East
67%
Southwest Suburban Conference (SWSC) Lincoln-Way West
67%
West Suburban Conference (WSC) Lyons
67%
Central Suburban League (CSL) Maine East
67%
Central Suburban League (CSL) Maine South
67%
Central Suburban League (CSL) Maine West
67%
Chicago Catholic League (CCL) Marist
67%
DuPage Valley Conference (DVC) Metea Valley
67%
Southwest Prairie Conference (SPC) Minooka
67%
Chicago Public League (Metro) Morgan Park
67%
West Suburban Conference (WSC) Morton
67%
DuPage Valley Conference (DVC) Naperville Central
67%
DuPage Valley Conference (DVC) Naperville North
67%
DuPage Valley Conference (DVC) Neuqua Valley
67%
Northern Lake County Conference (NLCC) North Chicago
67%
South Suburban Conference (SSC) Oak Lawn
67%
Southwest Prairie Conference (SPC) Oswego
67%
Southwest Prairie Conference (SPC) Oswego East
67%
Mid-Suburban League (MSL) Palatine
67%
Southwest Prairie Conference (SPC) Plainfield Central
67%
Southwest Prairie Conference (SPC) Plainfield East
67%
Southwest Prairie Conference (SPC) Plainfield North
67%
Southwest Prairie Conference (SPC) Plainfield South
67%
Kishwaukee River Conference (KRC) Plano
67%
Mid-Suburban League (MSL) Prospect
67%
West Suburban Conference (WSC) Proviso East
67%
West Suburban Conference (WSC) Proviso West
67%
Southland Athletic Conference (SAC) Rich
67%
Upstate Eight Conference (U8C) Riverside-Brookfield
67%
Mid-Suburban League (MSL) Rolling Meadows
67%
Southwest Prairie Conference (SPC) Romeoville
67%
Northern Lake County Conference (NLCC) Round Lake
67%
Southwest Suburban Conference (SWSC) Sandburg
67%
Mid-Suburban League (MSL) Schaumburg
67%
Upstate Eight Conference (U8C) South Elgin
67%
Southwest Suburban Conference (SWSC) Stagg
67%
DuKane Conference St. Charles East
67%
DuKane Conference St. Charles North
67%
North Suburban Conference (NSC) Stevenson
67%
Upstate Eight Conference (U8C) Streamwood
67%
Chicago Catholic League (CCL) St. Rita
67%
Southland Athletic Conference (SAC) Thornton
67%
South Suburban Conference (SSC) Tinley Park
67%
Central Suburban League (CSL) Vernon Hills
67%
North Suburban Conference (NSC) Warren
67%
North Suburban Conference (NSC) Waukegan
67%
DuKane Conference Wheaton North
67%
Mid-Suburban League (MSL) Wheeling
67%
West Suburban Conference (WSC) Willowbrook
67%
West Suburban Conference (WSC) York
67%
Southwest Prairie Conference (SPC) Yorkville
67%
West Suburban Conference (WSC) Addison Trail
33%
Chicago Public League (Metro) Amundsen
33%
South Suburban Conference (SSC) Argo
33%
Chicagoland Christian Conference Aurora Christian
33%
Mid-Suburban League (MSL) Barrington
33%
Chicago Catholic League (CCL) Benet
33%
Southwest Suburban Conference (SWSC) Bradley-Bourbonnais
33%
Chicago Public League (Metro) Bulls CP
33%
Chicago Catholic League (CCL) Carmel Catholic
33%
Fox Valley Conference (FVC) Cary-Grove
33%
Fox Valley Conference (FVC) Central
33%
Chicagoland Christian Conference Chicago Christian
33%
Chicago Public League (Metro) Clark
33%
Mid-Suburban League (MSL) Conant
33%
Chicago Catholic League (CCL) De La Salle
33%
Chicago Catholic League (CCL) DePaul CP
33%
West Suburban Conference (WSC) Downers Grove North
33%
West Suburban Conference (WSC) Downers Grove South
33%
Upstate Eight Conference (U8C) East Aurora
33%
Upstate Eight Conference (U8C) Elgin
33%
Upstate Eight Conference (U8C) Elmwood Park
33%
South Suburban Conference (SSC) Evergreen Park
33%
Upstate Eight Conference (U8C) Fenton
33%
Chicago Catholic League (CCL) Fenwick
33%
Upstate Eight Conference (U8C) Glenbard East
33%
DuKane Conference Glenbard North
33%
Upstate Eight Conference (U8C) Glenbard South
33%
West Suburban Conference (WSC) Glenbard West
33%
Northern Lake County Conference (NLCC) Grayslake Central
33%
Northern Lake County Conference (NLCC) Grayslake North
33%
Fox Valley Conference (FVC) Hampshire
33%
Mid-Suburban League (MSL) Hersey
33%
Fox Valley Conference (FVC) Huntley
33%
Chicago Catholic League (CCL) IC Catholic Prep
33%
Fox Valley Conference (FVC) Jacobs
33%
Kishwaukee River Conference (KRC) Johnsburg
33%
Chicago Public League (Metro) Johnson CP
33%
Chicago Catholic League (CCL) Joliet Catholic
33%
Chicago Public League (Metro) Kenwood
33%
North Suburban Conference (NSC) Lake Forest
33%
DuKane Conference Lake Park
33%
Northern Lake County Conference (NLCC) Lakes
33%
North Suburban Conference (NSC) Lake Zurich
33%
Upstate Eight Conference (U8C) Larkin
33%
Interstate Eight Conference LaSalle-Peru
33%
West Suburban Conference (WSC) Leyden
33%
North Suburban Conference (NSC) Libertyville
33%
Chicago Public League (Metro) Lincoln Park
33%
Southwest Suburban Conference (SWSC) Lockport
33%
Chicago Catholic League (CCL) Loyola
33%
Kishwaukee River Conference (KRC) Marengo
33%
Chicago Catholic League (CCL) Marian
33%
Chicagoland Christian Conference Marian Central Catholic
33%
Chicago Catholic League (CCL) Marmion
33%
Fox Valley Conference (FVC) McHenry
33%
Chicago Catholic League (CCL) Montini
33%
Interstate Eight Conference Morris
33%
Chicago Catholic League (CCL) Mt. Carmel
33%
North Suburban Conference (NSC) Mundelein
33%
Chicago Catholic League (CCL) Nazareth
33%
Chicago Catholic League (CCL) Niles Notre Dame
33%
South Suburban Conference (SSC) Oak Forest
33%
West Suburban Conference (WSC) Oak Park River Forest
33%
Interstate Eight Conference Ottawa
33%
Fox Valley Conference (FVC) Prairie Ridge
33%
South Suburban Conference (SSC) Richards
33%
Upstate Eight Conference (U8C) Ridgewood
33%
South Suburban Conference (SSC) Shepard
33%
Chicago Public League (Metro) Simeon
33%
Chicago Catholic League (CCL) St. Francis
33%
Chicago Catholic League (CCL) St. Ignatius
33%
Chicago Catholic League (CCL) St. Viator
33%
Chicago Public League (Metro) Taft
33%
Southland Athletic Conference (SAC) Thornridge
33%
South Suburban Conference (SSC) Thornton Fractional North
33%
South Suburban Conference (SSC) Thornton Fractional South
33%
Southland Athletic Conference (SAC) Thornwood
33%
Chicago Public League (Metro) Walter Payton CP
33%
DuPage Valley Conference (DVC) Waubonsie Valley
33%
Northern Lake County Conference (NLCC) Wauconda
33%
Upstate Eight Conference (U8C) West Aurora
33%
Upstate Eight Conference (U8C) West Chicago
33%
Chicagoland Christian Conference Wheaton Academy
33%
DuKane Conference Wheaton-Warrenville South
33%
Chicago Public League (Metro) Whitney Young
33%
Kishwaukee River Conference (KRC) Woodstock
33%
North Suburban Conference (NSC) Zion-Benton
33%
Chicagoland Christian Conference Bishop McNamara
0%
Chicago Public League (Metro) Brooks CP
0%
Chicagoland Christian Conference Chicago Hope Academy
0%
Chicagoland Christian Conference Christ the King
0%
Fox Valley Conference (FVC) Dundee-Crown
0%
Northern Lake County Conference (NLCC) Grant
0%
South Suburban Conference (SSC) Hillcrest
0%
Interstate Eight Conference Kaneland
0%
Chicago Catholic League (CCL) Leo
0%
Chicago Public League (Metro) Phillips
0%
Chicago Catholic League (CCL) Providence Catholic
0%
South Suburban Conference (SSC) Reavis
0%
Kishwaukee River Conference (KRC) Richmond-Burton
0%
Interstate Eight Conference Rochelle
0%
Kishwaukee River Conference (KRC) Sandwich
0%
Chicagoland Christian Conference St. Edward
0%
Chicago Catholic League (CCL) St. Laurence
0%
Chicago Catholic League (CCL) St. Patrick
0%
Interstate Eight Conference Sycamore
0%
Chicago Public League (Metro) Westinghouse CP
0%
Kishwaukee River Conference (KRC) Woodstock North
0%
No matching quizzes found
Score Distribution
Percent of People with Each Score
Percentile by Number Answered
Your Score History
You have not taken this quiz